书目信息 |
| 题名: |
科学学纲要
|
|
| 作者: | 徐纪敏 著 | |
| 分册: | ||
| 出版信息: | 长沙 湖南人民出版社 1986 |
|
| 页数: | 584页 | |
| 开本: | 19cm | |
| 丛书名: | ||
| 单 册: | ||
| 中图分类: | G301 | |
| 科图分类: | ||
| 主题词: | 科学学 | |
| 电子资源: | ||
| ISBN: | ||
| 000 | 00578nam0 2200229 45 | |
| 001 | 0186018894 | |
| 005 | 20060810174431.04 | |
| 010 | @dCNY3.55 | |
| 091 | @aCN@b13109.64 | |
| 100 | @a19900726d1986 km y0chiy0121 ea | |
| 101 | 0 | @achi |
| 102 | @aCN@b430000 | |
| 105 | @ay z 000yy | |
| 200 | 10 | @a科学学纲要@Ake xue xue gang yao@f徐纪敏著 |
| 210 | @a长沙@c湖南人民出版社@d1986 | |
| 215 | @a584页@d19cm | |
| 606 | @a科学学 | |
| 690 | @aG301@v3 | |
| 701 | 0 | @a徐纪敏@Axu ji min@4著 |
| 801 | 2 | @aCN@bNLC@c20060810 |
| 801 | 0 | @aCN@bTSSF@c20060809 |
| 905 | @a10447@dG301@e118 | |
| 科学学纲要/徐纪敏著.-长沙:湖南人民出版社,1986 |
| 584页;19cm |
| ISBN :CNY3.55 |
| ● |
| 相关链接 |
|
|
|
|
正题名:科学学纲要
索取号:G301/118
 
预约/预借
| 序号 | 登录号 | 条形码 | 馆藏地/架位号 | 状态 | 备注 |
| 1 | 0447663 | 204476637 | 密集书库/ [索取号:G301/118] | 在馆 | |
| 2 | 0447664 | 204476646 | 密集书库/ [索取号:G301/118] | 在馆 | |
| 3 | 0448554 | 204485547 | 密集书库/ [索取号:G301/118] | 在馆 | |
| 4 | 0450053 | 204500539 | 密集书库/ [索取号:G301/118] | 在馆 |